|
|
|
|
| LEADER |
00000cam a2200000 7i4500 |
| 001 |
0000073513 |
| 005 |
20111019093000.0 |
| 008 |
110614s2011 inu eng |
| 020 |
|
|
|a 0470648643 (paperback : alk. paper)
|
| 020 |
|
|
|a 9780470648643 (paperback : alk. paper)
|
| 050 |
0 |
0 |
|a TR263.N5
|b T46 2011
|
| 090 |
0 |
0 |
|a TR263.N5
|b T46 2011
|
| 100 |
1 |
|
|a Thomas, J. Dennis ,
|e author
|
| 245 |
1 |
0 |
|a Nikon D700 :
|b digital field guide
|c J. Dennis Thomas
|
| 260 |
|
|
|a Indianapolis, IN :
|b Wiley Publishing ,
|c c2011
|
| 300 |
|
|
|a 304 p. :
|b ill. (chiefly col.) ;
|c 23 cm.
|
| 500 |
|
|
|a "Free gray/color checker card inside!"--Cover
|
| 500 |
|
|
|a Includes index
|
| 505 |
0 |
|
|a 1. Exploring the Nikon D7000 -- 2. Nikon D7000 Essentials -- 3. Setting Up the Nikon D7000 -- 4. Selecting add Using Lenses for the Nikon D7000 -- 5. Understanding Exposure -- 6. Working with Light -- 7. Working with Live View and Video -- 8. Action and Sports Photography -- 9. Event Photography -- 10. Landscape and Nature Photography -- 11. Macro Photography -- 12. Night and Low-Light Photography -- 13. Portrait Photography -- 14. Still-Life, Product, and Food Photography -- 15. Stock Photography -- 16. Viewing and In-camera Editing
|
| 520 |
|
|
|a A guide to the Nikon D7000 camera provides information on the camera's modes and menus, exposure, lenses, lighting, live view and video, and in-camera editing
|
| 650 |
|
0 |
|a Nikon digital cameras
|v Handbooks, manuals, etc.
|
| 650 |
|
0 |
|a Photography
|v Handbooks, manuals, etc.
|
| 650 |
|
0 |
|a Photography
|x Digital techniques
|v Handbooks, manuals, etc.
|
| 999 |
|
|
|a 1000141523
|b Book
|c OPEN SHELF (30 DAYS)
|e Gong Badak Campus
|